| 000 | 00473nam a22001697a 4500 | ||
|---|---|---|---|
| 999 |
_c174490 _d174490 |
||
| 005 | 20200618145750.0 | ||
| 010 | _aENG-128212 | ||
| 020 | _c80.00 | ||
| 035 | _aEN-111744 | ||
| 037 | _bDBAD/PUB | ||
| 082 | _a80.00 | ||
| 245 |
_aRays of letters/ _cedited by Narayan G.Mehare...[etall]. |
||
| 260 |
_aNagpur _bsunshine Books _c2019 |
||
| 270 |
_aRaghav Publishers & Distributors _bNagpur _e440032 |
||
| 300 |
_a115p. _c23cm(pbk) |
||
| 942 |
_2ddc _cEN _h880 |
||